000 01168nac a22002051u 4500
008 090614t xxu||||| |||| 00| 0 eng d
082 _a621.31042
_bGUP
100 _aGupta, J. B.
_96120
245 _aElectromechanical energy conversion-1:
_cJ. B. Gupta
_bFor B. Tech. [Electrical engineering and electrical & electronics engineering] students /
250 _bReprint 2007-2008
260 _aNew Delhi:
_bS. K. Kataria,
_c2006
300 _a v. :
_bill.;
_c23 cm.
500 _aIncludes index.
650 _aElectric machinery
_96121
650 _aElectric egineering
_96122
942 _cBB
_k621.31042GUP
_2ddc
999 _c11816
_d11816